| 000 | 01616cam a22004214i 4500 | ||
|---|---|---|---|
| 003 | PE-LiUPU | ||
| 005 | 20250731173602.0 | ||
| 008 | 241031b |||||||| |||| 00| 0 eng d | ||
| 020 | _a9798876750662 | ||
| 040 |
_bspa _cPE-LiUPU _erda _dPE-LiUPU |
||
| 049 | _aPRUA | ||
| 082 | 0 | 4 |
_a231 _bM827g _223 |
| 100 | 1 |
_aMora, Carlos Elías, _eautor. _94529 |
|
| 245 |
_aGod is one : _bbiblical evidence for the Trinity / _cCarlos Elías Mora. |
||
| 264 | 1 |
_aMéxico : _bAlétheia, _c2023. |
|
| 300 |
_a114 páginas : _c21.5 centímetros. |
||
| 336 |
_atext _2rdacontent |
||
| 337 |
_aunmediated _2rdamedia |
||
| 338 |
_avolume _2rdacarrier |
||
| 504 | _aIncluye referencias bibliográficas al pie de algunas páginas. | ||
| 505 | _aHow to approach this book -- The trinity in the Old Testament -- The angel of JHWH -- The trinity in the New Testament -- The Father in the New Testament -- The Son in the New Testament -- The Holy Spírit in the New Testament -- More arguments about the Trinity -- Implications for faith and daily life. | ||
| 526 | _aSEG42 | ||
| 526 | _aSEG41 | ||
| 526 | _aSEG40 | ||
| 526 | _aSEG39 | ||
| 526 | _aP94 | ||
| 526 | _aP87 | ||
| 526 | _aP86 | ||
| 526 | _aP85 | ||
| 526 | _aP77 | ||
| 526 | _aP76 | ||
| 526 | _aP35 | ||
| 650 | 1 | 4 | _aTrinidad (Teología). |
| 942 |
_2ddc _cBK |
||
| 949 |
_a231 G81 _wDEWEY _c1 _i55918 _lCCODEBUL1 _mBUL _p55.00 _r0 _sY _tBOOK _u2015-6-25 _xTEOLOGIA _zUNKNOWN _0COMPRA _o.STAFF. Colección General |
||
| 980 |
_618226 _aJaime Vilcazán Jefe de Análisis Documental _81 _gALBERTO SANCHEZ Responsable de Automatización |
||
| 999 |
_c62654 _d62653 |
||